[Event "Politiken Cup 2013"]
[Site "Helsingor DEN"]
[Date "2013.08.02"]
[Round "8.13"]
[White "Bulski,K"]
[Black "Englert,F"]
[Result "1-0"]
[WhiteElo "2534"]
[BlackElo "2282"]

1.e4 c5 2.Nf3 d6 3.d4 Nf6 4.Nc3 cxd4 5.Nxd4 Nc6 6.Bg5 e6 7.Qd2 a6 8.O-O-O Nxd4
9.Qxd4 Be7 10.Kb1 Qc7 11.f4 O-O 12.Bxf6 gxf6 13.Qe3 Kh8 14.Bd3 Rg8 15.Qh3 Rg7
16.f5 Qc5 17.Rhf1 Qe5 18.Ne2 b5 19.Rf4 Bd7 20.Rh4 a5 21.Nf4 a4 22.Ng6+ fxg6
23.fxg6 Rxg6 24.Rxh7+ Kg8 25.Rh8+ Kf7 26.Rxa8 Qc5 27.e5 f5 28.Qh7+ Rg7 29.Qh5+ Rg6
30.Rh8 dxe5 31.Rh6  1-0

[Event "5th Rethymno Open"]
[Site "Rethymno GRE"]
[Date "2013.08.03"]
[Round "8.26"]
[White "Papadopoulos,Ar"]
[Black "Stamos,F"]
[Result "1-0"]
[WhiteElo "1927"]
[BlackElo "2060"]

1.e4 c5 2.Nf3 d6 3.d4 cxd4 4.Nxd4 Nf6 5.Nc3 Nc6 6.Bg5 e6 7.Qd2 a6 8.f3 Bd7
9.O-O-O h6 10.Be3 b5 11.g4 Ne5 12.Bd3 b4 13.Nce2 d5 14.exd5 Nxd5 15.Nf4 Nxd3+
16.Qxd3 Nxf4 17.Bxf4 Be7 18.Kb1 O-O 19.Nf5 exf5 20.Qxd7 fxg4 21.Qb7 Qc8 22.Qxe7 gxf3
23.Rhg1 Qf5 24.Qh4 g6 25.Bxh6 Rfe8 26.Qf4 Re5 27.Rgf1 Qh5 28.Qxf3 Qxh6 29.Qxa8+  1-0

[Event "Politiken Cup 2013"]
[Site "Helsingor DEN"]
[Date "2013.08.04"]
[Round "10.79"]
[White "Halamus,A"]
[Black "Jacobsen,Fredrik Beer"]
[Result "0-1"]
[WhiteElo "2046"]
[BlackElo "1935"]

1.e4 c5 2.Nf3 Nc6 3.d4 cxd4 4.Nxd4 Nf6 5.Nc3 d6 6.Bg5 e6 7.Qd2 a6 8.O-O-O h6
9.Be3 Nxd4 10.Bxd4 b5 11.f3 Qa5 12.Kb1 b4 13.Ne2 e5 14.Bf2 Be6 15.Nc1 Be7
16.Bd3 O-O 17.g4 d5 18.Nb3 Qc7 19.exd5 Nxd5 20.h4 a5 21.Bg3 a4 22.Nd4 Nc3+
23.bxc3 bxc3 24.Nb5 Rfb8 25.Qe3 Qa5 26.Ka1 Rxb5 27.Bxb5 Qb4 28.Qc1 a3  0-1

[Event "5th Rethymno Open"]
[Site "Rethymno GRE"]
[Date "2013.08.04"]
[Round "9.11"]
[White "Tzouganakis,P"]
[Black "Lekic,Du"]
[Result "0-1"]
[WhiteElo "2201"]
[BlackElo "2430"]

1.e4 c5 2.Nf3 d6 3.d4 cxd4 4.Nxd4 Nf6 5.Nc3 Nc6 6.Bg5 e6 7.Qd2 a6 8.O-O-O Bd7
9.f3 h6 10.Be3 h5 11.Kb1 Be7 12.Bd3 Rc8 13.Qf2 Qc7 14.h3 h4 15.g4 hxg3 16.Qxg3 g6
17.f4 b5 18.Rdf1 Nxd4 19.Bxd4 b4 20.Ne2 Bb5 21.Bxb5+ axb5 22.Qd3 Qc4 23.b3 Qxd3
24.cxd3 Kd7 25.Rc1 Rxc1+ 26.Kxc1 Rh5 27.Kd2 e5 28.Be3 Rh8 29.Ng3 Nh5 30.Nxh5 Rxh5
31.Ke2 exf4 32.Bxf4 d5 33.Bd2 Ke6 34.Kf3 Rh8 35.Rh2 dxe4+ 36.dxe4 Bd6 37.Rh1 Ra8
38.Bf4 Bxf4 39.Kxf4 Rxa2 40.h4 Rf2+ 41.Ke3 Rb2 42.h5 Rxb3+ 43.Kd4 Rc3 44.h6 Rc4+
45.Kd3 Rc8 46.Rb1 Rh8 47.Rxb4 Rxh6 48.Rxb5 Rh5 49.Rb7 Ra5 50.Ke3 f6 51.Rb3 g5
52.Kf3 Ke5 53.Rc3 Kd4 54.Re3 Rc5 55.Re1 Rc3+ 56.Kg4 Re3 57.Rf1 Ke5 58.Ra1 Ke6
59.Kh5 Rxe4 60.Kg6 Rf4 61.Ra5 g4 62.Ra8 f5 63.Kg5 Rf3 64.Re8+ Kd5 65.Re2 g3
66.Kh4 f4 67.Kh3 Kd4 68.Kg2 Rd3 69.Re8 Rd2+ 70.Kf1 f3 71.Rd8+ Kc3 72.Rc8+ Kb4
73.Rb8+ Kc5 74.Rc8+ Kb6 75.Rc1 Rh2  0-1

[Event "XXII TCh-MKD 2013"]
[Site "Struga MKD"]
[Date "2013.08.04"]
[Round "7.3"]
[White "Mitkovski,Z"]
[Black "Dancevski,O"]
[Result "1/2-1/2"]
[WhiteElo "2147"]
[BlackElo "2388"]

1.e4 c5 2.Nf3 d6 3.d4 cxd4 4.Nxd4 Nf6 5.Nc3 Nc6 6.Bg5 e6 7.Qd2 a6 8.O-O-O h6
9.Bf4 Bd7 10.Nxc6 Bxc6 11.f3 d5 12.exd5 Bxd5 13.Nxd5 Nxd5 14.Be5 Rc8 15.Kb1 b5  1/2-1/2

[Event "XI Miguel Najdorf Open A 2013"]
[Site "Warsaw POL"]
[Date "2013.08.06"]
[Round "2.1"]
[White "Dworakowska,J"]
[Black "Piorun,K"]
[Result "0-1"]
[WhiteElo "2316"]
[BlackElo "2552"]

1.e4 c5 2.Nf3 Nc6 3.d4 cxd4 4.Nxd4 Nf6 5.Nc3 d6 6.Bg5 e6 7.Qd2 a6 8.O-O-O Bd7
9.f3 Be7 10.h4 h6 11.Be3 h5 12.Bg5 Qc7 13.Kb1 Ne5 14.Qe1 b5 15.Nce2 g6 16.Ng3 Rc8
17.Be2 Nc6 18.Nxc6 Bxc6 19.Bd3 a5 20.Nf1 Nd7 21.Bxe7 Kxe7 22.Ne3 Nf6 23.Qg3 Qb6
24.Rhe1 Qc5 25.c3 Rhd8 26.Nc2 b4 27.cxb4 axb4 28.Qg5 b3 29.axb3 Qxg5 30.hxg5 Nd7
31.Nd4 Ba8 32.b4 e5 33.Nb3 Nf8 34.Ba6 Rb8 35.b5 Ne6 36.Rc1 Kd7 37.Red1 Nc7
38.Nc5+ Ke7 39.Nb7 Rd7 40.Na5 Nxb5 41.Bxb5 Rxb5 42.Nc4 Ke6 43.Ne3 Bb7 44.Rd2 d5
45.exd5+ Bxd5 46.Rcd1 Bc6 47.Rxd7 Bxd7 48.Rc1 Ke7 49.Rc3 Be6 50.Kc2 h4 51.b3 Rb4
52.Nc4 f6 53.gxf6+ Kxf6 54.Kd3 g5 55.Ke3 g4 56.fxg4 Bxg4 57.Nd2 Be6 58.Nc4 Rb8
59.Kf2 Bd5 60.Ne3 Bxb3 61.Kf3 Be6 62.Ra3 Rb4 63.Ra6 Kf7 64.Ra7+ Kf6 65.Ra5 Rf4+
66.Ke2 Rd4 67.Kf3 Bc8 68.Rb5 Rf4+  0-1

[Event "XX Feria de las Flores 2013"]
[Site "Medellin COL"]
[Date "2013.08.07"]
[Round "8.4"]
[White "Sanchez L,S"]
[Black "Hevia,A"]
[Result "1-0"]
[WhiteElo "2318"]
[BlackElo "2508"]

1.e4 c5 2.Nf3 d6 3.d4 cxd4 4.Nxd4 Nf6 5.Nc3 Nc6 6.Bg5 e6 7.Qd2 a6 8.O-O-O Bd7
9.f4 b5 10.Bxf6 gxf6 11.Kb1 Qb6 12.Nxc6 Bxc6 13.Qe1 Ra7 14.Bd3 h5 15.Qh4 Be7
16.f5 a5 17.g4 a4 18.Ne2 a3 19.b4 Qe3 20.Qg3 Qg5 21.h4 Qh6 22.Nd4 Bd7 23.Nxb5 Bxb5
24.Bxb5+ Kf8 25.gxh5 Rb7 26.c4 Rg8 27.Qxa3 Rb8 28.Qf3 e5 29.Rhg1 Rxg1 30.Rxg1 Bd8
31.Qd3 Bc7 32.Qd5 Qe3 33.Rc1 Qa3 34.Qd2 Ke7 35.h6 Bb6 36.c5 Bc7 37.h7 Qa8
38.cxd6+ Bxd6 39.Rc7+  1-0

[Event "21st Poznan Open"]
[Site "Poznan POL"]
[Date "2013.08.07"]
[Round "1.15"]
[White "Bednarska,M"]
[Black "Kostecki,Samuel"]
[Result "1-0"]
[WhiteElo "2080"]
[BlackElo "1523"]

1.e4 c5 2.Nf3 Nc6 3.d4 cxd4 4.Nxd4 Nf6 5.Nc3 d6 6.Bg5 e6 7.Qd2 Qb6 8.Nb3 Be7
9.O-O-O a6 10.f3 Qc7 11.Bxf6 gxf6 12.Qh6 Ne5 13.Nd4 Bd7 14.f4 Ng6 15.f5 Bf8
16.Qh5 Nf4 17.Qh4 h5 18.g3 exf5 19.gxf4 O-O-O 20.Nxf5 Bxf5 21.exf5 Kb8 22.Bg2 Rc8
23.Qf2 h4 24.Rd3 h3 25.Bxh3 d5 26.Nxd5 Qc6 27.Bg2 Bc5 28.Qd2 Rhg8 29.Bf3 Qa4
30.Nc3 Qa5 31.Rd7 Rcd8 32.Rxb7+ Kc8 33.Qe2 Qb4 34.Rxb4  1-0

[Event "Arad Open 2013"]
[Site "Arad ROU"]
[Date "2013.08.08"]
[Round "8.1"]
[White "Tarlev,K"]
[Black "Shishkin,Va UKR"]
[Result "1/2-1/2"]
[WhiteElo "2545"]
[BlackElo "2508"]

1.e4 c5 2.Nf3 Nc6 3.d4 cxd4 4.Nxd4 Nf6 5.Nc3 d6 6.Bg5 e6 7.Qd2 Qb6 8.Nb3 Be7
9.O-O-O O-O 10.Kb1 Rd8 11.h4 a6 12.Bd3 Qc7 13.h5  1/2-1/2

[Event "22nd Kavala Open 2013"]
[Site "Kavala GRE"]
[Date "2013.08.10"]
[Round "6.5"]
[White "Koepke,C"]
[Black "Nevednichy,V"]
[Result "0-1"]
[WhiteElo "2351"]
[BlackElo "2573"]

1.e4 c5 2.Nf3 d6 3.d4 cxd4 4.Nxd4 Nf6 5.Nc3 Nc6 6.Bg5 e6 7.Qd2 a6 8.O-O-O Bd7
9.f3 Be7 10.Be3 h5 11.Kb1 Qc7 12.Nxc6 Bxc6 13.Ne2 d5 14.e5 Nd7 15.f4 Bb5
16.g3 g6 17.Bg2 Bxe2 18.Qxe2 Rc8 19.h3 Nb6 20.b3 Bc5 21.Bc1 Qe7 22.Rd3 Ba3
23.Rhd1 Bxc1 24.Rxc1 Qb4 25.Qd2 Qxd2 26.Rxd2 Rc7 27.Kb2 Ke7 28.Rd4 Rhc8 29.c3 Nd7
30.h4 Nb8 31.Bf1 Nc6 32.Rdd1 b5 33.a3 f6 34.exf6+ Kxf6 35.Bh3 Ne7 36.Re1 Nf5
37.Bxf5 gxf5 38.Red1 Rg8 39.Rd3 Rcg7 40.Rg1 Rg4  0-1

[Event "10th Malaysian Open"]
[Site "Kuala Lumpur MAS"]
[Date "2013.08.10"]
[Round "1.10"]
[White "Yogesh,Ga"]
[Black "Illingworth,M"]
[Result "0-1"]
[WhiteElo "2051"]
[BlackElo "2426"]

1.e4 c5 2.Nf3 d6 3.d4 cxd4 4.Nxd4 Nf6 5.Nc3 Nc6 6.Bg5 e6 7.Qd2 a6 8.O-O-O h6
9.Bf4 Bd7 10.Nxc6 Bxc6 11.Bxd6 Bxd6 12.Qxd6 Qxd6 13.Rxd6 Bxe4 14.f3 Bc6 15.Be2 Ke7
16.Rhd1 Nd5 17.Nxd5+ exd5 18.R6xd5 Bxd5 19.Rxd5 Rad8 20.Re5+ Kf6 21.Re4 g5
22.Rb4 Rhe8 23.Bd3 Re1+ 24.Kd2 Rh1 25.Ke3 Rxh2 26.Kf2 Rd7 27.Rb6+ Ke5 28.Kg1 Rh4
29.g3 Ra4 30.a3 h5 31.Be4 Rc4 32.b3 Rcc7 33.Bd3 f6 34.Kf2 f5 35.Rb4 Rd4 36.Rb6 h4
37.f4+ gxf4 38.gxh4 Rh7 39.Rg6 Rxh4 40.Rg5 Rxd3 41.cxd3 Rh2+ 42.Kf3 Rd2  0-1

[Event "HZ Open 2013"]
[Site "Vlissingen NED"]
[Date "2013.08.10"]
[Round "9.28"]
[White "Majhi,Ankit"]
[Black "Kuling,L"]
[Result "0-1"]
[WhiteElo "2069"]
[BlackElo "2246"]

1.e4 c5 2.Nf3 d6 3.d4 cxd4 4.Nxd4 Nf6 5.Nc3 Nc6 6.Bg5 Qb6 7.Nb3 e6 8.Qd2 Be7
9.Be2 O-O 10.g4 d5 11.Be3 Qc7 12.exd5 Nxd5 13.Nxd5 exd5 14.O-O-O Rd8 15.Nd4 a6
16.f4 Na5 17.Rhe1 Nc4 18.Bxc4 dxc4 19.f5 Bf6 20.Bf4 Qc5 21.Nb3 Qf8 22.Bd6 cxb3
23.axb3 h6 24.Qb4 Rxd6 25.Qxd6 Bg5+ 26.Kb1 Qxd6 27.Rxd6 Kf8 28.c4 Be7 29.Rd5 b5
30.c5 Ra7 31.Kc2 Rc7 32.b4 Bb7 33.Rde5 Bc6 34.Ra1 Bf6 35.Re3 Bb7 36.Rae1 Rc8
37.Rd3 Bh4 38.Re5 Rd8 39.Rxd8+ Bxd8 40.Re3 Bc7 41.h3 Bf4 42.Re2 Bd5 43.Kc3 f6
44.Kd4 Bc4 45.Rf2 Bg3 46.Rd2 Ke7 47.Ke4 Be1 48.Rd1 Bxb4 49.c6 Bd6 50.Ra1 Be5
51.Rxa6 Kd6 52.Ra7 Kxc6 53.b4 Bd5+ 54.Kd3 Bg2 55.h4 Bc7 56.Ke2 Bh3 57.Kf3 h5
58.gxh5 Bxf5 59.Ra8 Be6 60.Rh8 f5 61.h6 Bd5+ 62.Ke2 gxh6 63.Rxh6+ Kd7 64.h5 f4
65.Rg6 f3+ 66.Kd3 Bf4 67.Rf6 Be5 68.Rf8 Bg7 69.Rf5 Ke6 70.Rg5 Bc4+  0-1

[Event "10th Malaysian Open"]
[Site "Kuala Lumpur MAS"]
[Date "2013.08.11"]
[Round "3.19"]
[White "Docena,Jerad"]
[Black "Dela Cruz,N"]
[Result "1/2-1/2"]
[WhiteElo "2125"]
[BlackElo "2343"]

1.e4 c5 2.Nf3 d6 3.d4 cxd4 4.Nxd4 Nf6 5.Nc3 Nc6 6.Bg5 e6 7.Qd2 a6 8.O-O-O Bd7
9.f4 b5 10.Bxf6 gxf6 11.Kb1 Qb6 12.Nxc6 Bxc6 13.Qe1 Be7 14.Bd3 b4 15.Ne2 Qc5
16.f5 a5 17.fxe6 fxe6 18.Nf4 Qe5 19.Rf1 Rc8 20.Qd2 Rc7 21.Rde1 a4 22.Bc4 Bd7
23.b3 Rg8 24.g3 Rg5 25.Qxb4 d5 26.Qb8+ Rc8 27.Qxe5 fxe5 28.exd5 exf4 29.gxf4 Rf5
30.Rg1 exd5 31.Rg7 Rf7 32.Rg8+ Rf8 33.Rg7 Rf7  1/2-1/2

[Event "Stare Mesto Open 2013"]
[Site "Stare Mesto CZE"]
[Date "2013.08.11"]
[Round "4.15"]
[White "Jablonska,S"]
[Black "Jozefek,M"]
[Result "1-0"]
[WhiteElo "1957"]
[BlackElo "2202"]

1.e4 c5 2.Nf3 d6 3.d4 cxd4 4.Nxd4 Nf6 5.Nc3 Nc6 6.Bg5 e6 7.Qd2 a6 8.O-O-O Bd7
9.f3 Be7 10.g4 b5 11.Nxc6 Bxc6 12.h4 d5 13.Bxf6 Bxf6 14.exd5 b4 15.dxc6 Qxd2+
16.Rxd2 bxc3 17.bxc3 g5 18.h5 Bxc3 19.Rd3 Be5 20.Ra3 a5 21.Bb5 Ke7 22.Rd1 Bd6
23.Rad3 Rhd8 24.Kb1 h6 25.c3 a4 26.Kc2 Ba3 27.c7  1-0

[Event "10th Malaysian Open"]
[Site "Kuala Lumpur MAS"]
[Date "2013.08.12"]
[Round "4.18"]
[White "Emperado,Emmanuel"]
[Black "Docena,Jerad"]
[Result "0-1"]
[WhiteElo "2328"]
[BlackElo "2125"]

1.e4 c5 2.Nf3 d6 3.d4 cxd4 4.Nxd4 Nf6 5.Nc3 Nc6 6.Bg5 e6 7.Qd2 Be7 8.O-O-O O-O
9.f4 Nxd4 10.Qxd4 Qa5 11.Kb1 h6 12.Bh4 Rd8 13.Qd3 Bd7 14.g4 Rac8 15.Be1 Qc5
16.g5 hxg5 17.fxg5 Qxg5 18.Bd2 Qc5 19.Be3 Qa5 20.Bd2 Qc5 21.Be3 Qb4 22.a3 Qa5
23.Bd2 Qe5 24.Rg1 d5 25.exd5 Nxd5 26.Re1 Nxc3+ 27.Bxc3 Rxc3 28.Rxe5 Rxd3
29.Bxd3 Bc6 30.Ree1 Rd4 31.h3 Rh4 32.Bf1 Rf4 33.Bg2 Bxg2 34.Rxg2 Rf3 35.Reg1 Bf6
36.Rg3 Rf5 37.Rd1 b5 38.b4 Rf2 39.c3 e5 40.Re3 e4 41.Rd5 a6 42.Rd6 Be5 43.Rd5 f6
44.Rxe4 Bxc3 45.Re3 Be5 46.Rd8+ Kf7 47.Ra8 Ke6 48.Rd3 Kf5 49.Rxa6 Ke4 50.Rb3 f5
51.a4 f4 52.axb5 f3 53.Raa3 Bd4 54.Rd3 Rf1+ 55.Kc2 f2 56.Rxd4+ Kxd4 57.Rf3 Ra1  0-1

[Event "22nd ZMDI Open 2013"]
[Site "Dresden GER"]
[Date "2013.08.15"]
[Round "6.41"]
[White "Rudolf,Ma"]
[Black "Humburg,Philipp"]
[Result "1/2-1/2"]
[WhiteElo "2108"]
[BlackElo "2054"]

1.e4 c5 2.Nf3 Nc6 3.d4 cxd4 4.Nxd4 Nf6 5.Nc3 d6 6.Bg5 e6 7.Qd2 a6 8.O-O-O Bd7
9.f3 Rc8 10.Kb1 b5 11.Nxc6 Bxc6 12.Ne2 Qc7 13.Nd4 Bb7 14.Bd3 Nd7 15.Rhe1 h6
16.Bh4 g5 17.Bf2 Ne5 18.h4 Be7 19.hxg5 hxg5 20.Rh1 Rg8 21.Rh7 Nxd3 22.cxd3 d5
23.Rdh1 Qe5 24.Ne2 dxe4 25.Bd4 e3 26.Bxe3 Rd8 27.d4 Qf5+ 28.Ka1 Rc8 29.Rh8 Rxh8
30.Rxh8+ Kd7 31.Rxc8 Kxc8 32.Ng3 Qg6 33.a4 b4 34.a5 Kd7 35.Qc1 Qd3 36.Ne4 Bxe4
37.fxe4 Qxe4 38.Bxg5 Bxg5 39.Qxg5 b3 40.Qd2 Qc2 41.Qe1 Qxg2 42.Qd1 Qc2 43.Qf1 Qf5
44.Qxa6 Qd5 45.Qa7+ Kc8 46.Qc5+ Kb7 47.Qb6+ Ka8 48.Qa6+ Kb8 49.Qb6+ Qb7 50.Qd6+ Ka7
51.Qc5+ Ka6 52.Qd6+ Kxa5 53.Qa3+ Kb6 54.Qc5+ Ka6 55.Qa3+ Kb5 56.Qc5+  1/2-1/2

[Event "12th Lichtenberger Sommer"]
[Site "Berlin GER"]
[Date "2013.08.17"]
[Round "1.7"]
[White "Bender,Se2"]
[Black "Radovanovic,J"]
[Result "1/2-1/2"]
[WhiteElo "1921"]
[BlackElo "2341"]

1.e4 c5 2.Nf3 d6 3.d4 cxd4 4.Nxd4 Nf6 5.Nc3 Nc6 6.Bg5 g6 7.Bxf6 exf6 8.Bc4 Bg7
9.Ndb5 O-O 10.Nxd6 f5 11.O-O fxe4 12.Ncxe4 Bxb2 13.Nxf7 Rxf7 14.Qxd8+ Nxd8
15.Rab1 Ba3 16.Ng5 Kg7 17.Nxf7 Nxf7 18.Bd5 Rb8 19.Rb3 Bc5 20.Rfb1 Nd6 21.Re1 Bf5
22.Re7+ Kf6 23.Rxh7 Re8 24.h3 Re1+ 25.Kh2 Bxf2 26.g4 Bg1+ 27.Kg2 Bxc2 28.Rf3+ Kg5
29.Kg3 Bf5 30.h4+ Kf6 31.gxf5 Nxf5+ 32.Kg2 Bd4 33.Bxb7 Re2+ 34.Kf1  1/2-1/2

[Event "29th Metropolitan IM"]
[Site "Los Angeles USA"]
[Date "2013.08.18"]
[Round "9"]
[White "Atoufi,P"]
[Black "Krishnan,V"]
[Result "0-1"]
[WhiteElo "2269"]
[BlackElo "2244"]

1.e4 c5 2.Nf3 Nc6 3.d4 cxd4 4.Nxd4 Nf6 5.Nc3 d6 6.Bg5 e6 7.Bb5 Bd7 8.Bxc6 bxc6
9.Qf3 h6 10.Bh4 Qb6 11.O-O-O Be7 12.e5 dxe5 13.Nb3 Qc7 14.Bxf6 Bxf6 15.Nb5 cxb5
16.Qxa8+ Bc8 17.Rd3 b4 18.a3 bxa3 19.bxa3 O-O 20.Rhd1 Ba6 21.Rd7 Qc4 22.Qf3 e4
23.Qh5 Qc3 24.Qa5 Qb2+ 25.Kd2 Bd3 26.Na1 Rb8 27.Rxa7 Rb5 28.Qc7 Rd5 29.Ra5 Bb5+
30.Ke3 Rxd1  0-1

[Event "3rd Isthmia Open"]
[Site "Vrachati GRE"]
[Date "2013.08.20"]
[Round "4.19"]
[White "Hristodoulou,P"]
[Black "Stamos,F"]
[Result "0-1"]
[WhiteElo "2232"]
[BlackElo "2048"]

1.e4 c5 2.Nf3 Nc6 3.d4 cxd4 4.Nxd4 Nf6 5.Nc3 d6 6.Bg5 e6 7.Qd2 a6 8.O-O-O Bd7
9.f3 h6 10.Be3 b5 11.Kb1 Ne5 12.Bd3 Qc7 13.Rhe1 b4 14.Nce2 d5 15.exd5 Nxd5
16.Nf4 Nxe3 17.Qxe3 Bd6 18.Nd5 exd5 19.f4 O-O 20.fxe5 Bc5 21.e6 Rae8 22.Qh3 fxe6
23.Nxe6 Qc6 24.Bh7+ Kh8 25.Bf5 Rxf5 26.Qxf5 Rxe6 27.Rxe6 Bxe6 28.Qg6 d4 29.b3 Qd5
30.Re1 Bf7 31.Qxa6 Kh7 32.Qe2 Bg6 33.Qe5 Qc6 34.Qe2 d3 35.cxd3 Qd5 36.Rd1 Bd4
37.Qc2 Bf6 38.a4 bxa3 39.Ka2 Qd4 40.g3 Bf5 41.Qd2 g6 42.Qc2 Qe5 43.b4 Qe3
44.Qc7+ Bg7 45.Kxa3 Qe2 46.Rc1 Qxd3+ 47.Ka4 Qa6+ 48.Kb3 Be6+ 49.Kc2 Qe2+
50.Kb1 Ba2+  0-1

[Event "Brasschaat Open 2013"]
[Site "Brasschaat BEL"]
[Date "2013.08.21"]
[Round "5.11"]
[White "Van de Griend,J"]
[Black "Sadkowsky,D"]
[Result "0-1"]
[WhiteElo "1959"]
[BlackElo "2245"]

1.e4 c5 2.Nf3 d6 3.d4 cxd4 4.Nxd4 Nf6 5.Nc3 Nc6 6.Bg5 e6 7.Qd2 a6 8.O-O-O Bd7
9.f4 b5 10.Nxc6 Bxc6 11.e5 dxe5 12.Qxd8+ Rxd8 13.Rxd8+ Kxd8 14.fxe5 h6 15.Bh4 g5
16.exf6 gxh4 17.Be2 Bxg2 18.Rd1+ Kc7 19.Rd4 h3 20.Bh5 Bd6 21.Bxf7 Bxh2 22.Bxe6 Be5
23.Rd7+ Kc6 24.Bxh3 Bxh3 25.Rg7 Rf8  0-1

[Event "28th Schwarzacher Open"]
[Site "Schwarzach AUT"]
[Date "2013.08.21"]
[Round "6.9"]
[White "Dudas,E"]
[Black "Danner,G"]
[Result "1-0"]
[WhiteElo "2242"]
[BlackElo "2320"]

1.e4 c5 2.Nf3 Nc6 3.d4 cxd4 4.Nxd4 Nf6 5.Nc3 d6 6.Bg5 Bd7 7.Qd2 Rc8 8.O-O-O Nxd4
9.Qxd4 Qa5 10.f4 Rxc3 11.bxc3 e5 12.Qb4 Qxb4 13.cxb4 Nxe4 14.Bh4 Nc3 15.Rd2 Be7
16.Bxe7 Kxe7 17.fxe5 dxe5 18.Bc4 Be6 19.Bxe6 Kxe6 20.Kb2 Rc8 21.Rd3 Na4+
22.Kb3 b5 23.Rc1 Nb6 24.Rcd1 Rc6 25.Rd8 Nc4 26.R1d5 Nd6 27.Rc5 Rb6 28.a4 bxa4+
29.Kxa4 e4 30.Rc7 Ra6+ 31.Kb3 f5 32.Rdd7 Ra1 33.Kb2 Rg1 34.Rxg7 f4 35.Rxh7 Nf5
36.Rc6+ Ke5 37.Rc5+ Kf6 38.Rxa7 Rxg2 39.Ra6+ Kg5 40.Raa5 Kg4 41.Rxf5 Rxh2
42.Rae5 e3 43.Rf6 e2 44.Rg6+ Kf3 45.Rge6  1-0

[Event "3rd Isthmia Open"]
[Site "Vrachati GRE"]
[Date "2013.08.21"]
[Round "5.7"]
[White "Ashwin,J"]
[Black "Naoum,S"]
[Result "0-1"]
[WhiteElo "2478"]
[BlackElo "2186"]

1.e4 c5 2.Nf3 d6 3.d4 cxd4 4.Nxd4 Nf6 5.Nc3 Nc6 6.Bg5 e6 7.Qd2 a6 8.O-O-O Qb6
9.Bxf6 gxf6 10.Nb3 Bd7 11.f4 h5 12.Kb1 O-O-O 13.Be2 Be7 14.Bf3 Kb8 15.h4 Na5
16.Qe2 Rc8 17.Bxh5 Nc4 18.Bxf7 Rhf8 19.Bg6 a5 20.a4 Qb4 21.Rh3 Bxa4 22.Nxa4 Qxa4
23.Nd4 e5 24.Ne6 Qb5 25.Rb3 Na3+  0-1

[Event "3rd Isthmia Open"]
[Site "Vrachati GRE"]
[Date "2013.08.23"]
[Round "7.2"]
[White "Fedorchuk,S"]
[Black "Moutousis,K"]
[Result "1-0"]
[WhiteElo "2669"]
[BlackElo "2400"]

1.e4 c5 2.Nf3 d6 3.d4 cxd4 4.Nxd4 Nf6 5.Nc3 Nc6 6.Bg5 e6 7.Qd3 a6 8.O-O-O Bd7
9.Kb1 Be7 10.Nb3 b5 11.f4 h6 12.Bxf6 gxf6 13.Qg3 Qb6 14.Bd3 O-O-O 15.Rhe1 Rde8
16.Qf3 h5 17.Qf1 Kb8 18.Be2 Rc8 19.Bf3 Bf8 20.Rd3 Rc7 21.Red1 h4 22.a3 Be7
23.Qe1 Bc8 24.Be2 Bb7 25.Bf1 Rhc8 26.Rh3 Na7 27.f5 Nc6 28.Rxh4 Ne5 29.Rh3 Nc4
30.Bxc4 bxc4 31.Nd4 d5 32.exd5 exd5 33.Re3 Bd6 34.Na4 Qa7 35.h4 Bc6 36.Nxc6+ Rxc6
37.Rxd5 Be5 38.g4 Qb7 39.Qb4  1-0

[Event "ch-ESP Rapid 2013"]
[Site "Linares ESP"]
[Date "2013.08.26"]
[Round "4.10"]
[White "Korneev,O"]
[Black "Andres Gonzalez,I"]
[Result "1-0"]
[WhiteElo "2625"]
[BlackElo "2311"]

1.e4 c5 2.Nf3 d6 3.d4 cxd4 4.Nxd4 Nf6 5.Nc3 Nc6 6.Bg5 Bd7 7.Qd2 Rc8 8.O-O-O Nxd4
9.Qxd4 Qa5 10.Bd2 a6 11.Kb1 Qc5 12.Qxc5 Rxc5 13.f3 g6 14.Be3 Rc8 15.Bd4 e5
16.Be3 h6 17.Be2 Be7 18.Rd2 Bc6 19.Rhd1 Kf8 20.a3 Kg7 21.Na2 Ne8 22.Nb4 Bg5
23.Bxg5 hxg5 24.h3 f5 25.Bc4 Kf6 26.Rxd6+ Nxd6 27.Rxd6+ Kg7 28.Nxc6 Rxc6
29.Rd7+ Kf8 30.Rf7+ Ke8 31.Rxb7 Rxc4 32.Rb8+ Kf7 33.Rxh8 fxe4 34.fxe4 Rxe4
35.b4 Re2 36.g4 e4 37.Kc1 e3 38.Rd8 Ke6 39.Kd1 Rh2 40.Re8+ Kd5 41.Rxe3 Kd4
42.Rd3+ Kc4 43.Kc1 a5 44.bxa5 Kb5 45.Rd5+ Ka6 46.Rxg5 Rxh3 47.Kb2 Re3 48.Rxg6+ Kxa5
49.Kc1 Re1+ 50.Kb2  1-0

[Event "TCh-SRB 1st League 2013"]
[Site "Kragujevac SRB"]
[Date "2013.08.27"]
[Round "4.6"]
[White "Solak,D"]
[Black "Markovic,Miros1"]
[Result "1/2-1/2"]
[WhiteElo "2592"]
[BlackElo "2493"]

1.e4 c5 2.Nf3 d6 3.d4 cxd4 4.Nxd4 Nf6 5.Nc3 Nc6 6.Bg5 Bd7 7.Qd2 Rc8 8.f4 h6
9.Bxf6 gxf6 10.O-O-O Nxd4 11.Qxd4 Qa5 12.Kb1 Qc5 13.Qd3 Bg7 14.f5 h5 15.Be2 a6
16.h4 Bh6 17.Rhf1 b5 18.a3 b4 19.axb4 Qxb4 20.Nd5 Qc5 21.Qc3 Qxc3 22.Nxc3 Rg8
23.Bxa6 Rc5 24.Be2 Rxg2 25.Rg1 Rxg1 26.Rxg1 Kf8 27.Bxh5 e6 28.fxe6 fxe6 29.Bf3 Kf7
30.Ne2 Bc6 31.Nd4 Bb7 32.c3 Re5 33.Rg4 Be3 34.Kc2 Ra5 35.Kd3 Bh6 36.Rg1 Ba6+
37.Kc2 Be3 38.Rg2 Bf1 39.Rh2 Ba6 40.Rg2 Bf1 41.Rh2 Ba6  1/2-1/2

[Event "11th Kesan Open"]
[Site "Edirne TUR"]
[Date "2013.08.28"]
[Round "3.8"]
[White "Korkmaz,N"]
[Black "Rahmanov,S"]
[Result "1/2-1/2"]
[WhiteElo "2162"]
[BlackElo "2258"]

1.e4 c5 2.Nf3 d6 3.d4 cxd4 4.Nxd4 Nf6 5.Nc3 Nc6 6.Bg5 e6 7.Qd2 Be7 8.O-O-O a6
9.f3 Qc7 10.g4 Bd7 11.Be3 h6 12.h4 Nxd4 13.Qxd4 b5 14.a3 Rc8 15.Bd3 Qc5 16.Rhg1 Bc6
17.g5 Nh5 18.gxh6 Qxd4 19.Bxd4 Rxh6 20.Be3 Rh8 21.Be2 g6 22.f4 Nf6 23.f5 Rxh4
24.fxg6 fxg6 25.Rxg6 Kf7 26.Rg3 Rg8 27.Bg5 Rh2 28.Rf1 Ke8 29.Bf4 Rxg3 30.Bxg3 Rg2
31.Bxd6 Bxd6 32.Rxf6 Ke7 33.Rf1 Be5 34.Bd3 Be8 35.Na2 Kd6 36.a4 Kc5 37.axb5 axb5
38.Kb1 Bc6 39.c3 Rd2 40.Bc2 Re2 41.Nc1 Re3 42.Nd3+ Kd6 43.Nf2 Rf3 44.Rd1+ Kc7
45.Nd3 Bd6 46.e5 Bf8 47.Rg1 Re3 48.Rf1 Be7 49.Rf7 Kd8 50.Nf4 Rxe5 51.Bb3 Bd7
52.Rh7 Bd6 53.Nd3 Re3 54.Bc2 Be8 55.Rh8 Ke7 56.Rh6 Rg3 57.Rh1 Bg6 58.Ne1 Bf7
59.Nd3 Re3 60.Re1 Rg3 61.Ne5 Be8 62.Bb3 Kf6 63.Ng4+ Kg5 64.Bxe6 Bg6+ 65.Ka1 b4
66.Ne3 bxc3 67.bxc3 Bc5 68.Nd1 Kf6 69.Bb3 Rh3 70.Re6+ Kg7 71.Re1 Rh8 72.Re2 Ra8+
73.Ra2 Rh8 74.Ra5 Be7 75.Ra7 Kf6 76.Ra6+ Kg5 77.Ra5+ Kf4 78.Ra4+ Kf3 79.Ra6 Bf5
80.Ra5 Be4 81.Bd5 Rh1 82.Bxe4+ Kxe4 83.Ra4+ Kd3 84.Ka2 Rxd1 85.Rd4+ Kc2 86.Rxd1 Kxd1  1/2-1/2

[Event "Petersburg Summer Blitz 2013"]
[Site "St Petersburg RUS"]
[Date "2013.08.28"]
[Round "2.11"]
[White "Yemelin,V"]
[Black "Kuzmin,E"]
[Result "1-0"]
[WhiteElo "2564"]
[BlackElo "2190"]

1.e4 c5 2.Ne2 Nc6 3.d4 cxd4 4.Nxd4 Nf6 5.Nc3 d6 6.Bg5 e6 7.Qd2 a6 8.O-O-O Be7
9.f4 Nxd4 10.Qxd4 b5 11.Be2 Bb7 12.Bf3 Qc7 13.Bxf6 gxf6 14.f5 h5 15.fxe6 fxe6
16.Ne2 Qc5 17.Qxc5 dxc5 18.Nf4 Bc8 19.Bxh5+ Rxh5 20.Nxh5 Kf7 21.Rhf1 Ra7
22.Nxf6 Kg6 23.e5 Rc7 24.Rd3 Rc6 25.Rg3+ Kf7 26.Nd5+ Ke8 27.Nxe7 Kxe7 28.Rg7+ Ke8
29.h4  1-0

[Event "Petersburg Summer Blitz 2013"]
[Site "St Petersburg RUS"]
[Date "2013.08.28"]
[Round "4.11"]
[White "Stukopin,A"]
[Black "Bronnikova,E"]
[Result "1-0"]
[WhiteElo "2522"]
[BlackElo "2245"]

1.e4 c5 2.Nf3 d6 3.d4 cxd4 4.Nxd4 Nf6 5.Nc3 Nc6 6.Bg5 e6 7.Qd2 Be7 8.O-O-O a6
9.f4 Qa5 10.Kb1 Nxd4 11.Qxd4 Qc5 12.Qxc5 dxc5 13.e5 Ng4 14.Bxe7 Kxe7 15.Rd2 b6
16.Be2 h5 17.h3 Nh6 18.Bxh5 Bb7 19.Rhd1 Rad8 20.Rxd8 Rxd8 21.Rxd8 Kxd8 22.g3 g6
23.Bg4 Nxg4 24.hxg4 Bf3 25.g5 Kc7 26.Kc1 Kc6 27.Kd2 b5 28.Ke3 Bg2 29.Nd1 a5
30.Nf2 Kd7 31.Ng4 Bc6 32.Nf6+ Kc7 33.a3 a4 34.c3 Kd8 35.g4 Kc7 36.f5 Kd8
37.Kf4 Kc7 38.Ng8 Be8 39.Nf6 Bc6 40.Nh7 Be8 41.Nf8 Bd7 42.fxg6 fxg6 43.Nxg6 Be8
44.Nf8 Bf7 45.g6  1-0

[Event "Petersburg Summer Blitz 2013"]
[Site "St Petersburg RUS"]
[Date "2013.08.28"]
[Round "9.4"]
[White "Anisimov,P2"]
[Black "Stukopin,A"]
[Result "0-1"]
[WhiteElo "2538"]
[BlackElo "2522"]

1.e4 c5 2.Ne2 Nc6 3.d4 cxd4 4.Nxd4 Nf6 5.Nc3 d6 6.Bg5 e6 7.Qd2 a6 8.O-O-O h6
9.Be3 Bd7 10.f3 b5 11.g4 Qc7 12.Kb1 Ne5 13.Bd3 b4 14.Nce2 d5 15.Ng3 Nc4 16.Qe2 Nxe3
17.Qxe3 Bd6 18.Nh5 Nxh5 19.gxh5 Bf4 20.Qg1 O-O 21.exd5 exd5 22.Bf5 Rfe8 23.Qg4 Bb5
24.Rhg1 Bg5 25.h4 Bf6 26.Nxb5 axb5 27.Qxb4 Ra4 28.Qxb5 Raa8 29.Qxd5 Rab8
30.b3 Qc3 31.Kc1 Qb2+ 32.Kd2 Red8 33.Bd7 Rbc8 34.Ke3 Rc7 35.Qf5 Rxc2 36.Rge1 Qc3+
37.Qd3 Rxd7 38.Qxc3 Rxc3+ 39.Ke4 Ra7 40.Re2 Re7+ 41.Kf5 Rxe2  0-1

[Event "13th Zug Young Masters"]
[Site "Zug SUI"]
[Date "2013.08.30"]
[Round "4.3"]
[White "Kurmann,O"]
[Black "Georgiadis,N"]
[Result "1/2-1/2"]
[WhiteElo "2421"]
[BlackElo "2396"]

1.e4 c5 2.Nf3 d6 3.d4 cxd4 4.Nxd4 Nf6 5.Nc3 Nc6 6.Bg5 e6 7.Qd2 a6 8.O-O-O Bd7
9.Nxc6 Bxc6 10.Qe1 h6 11.Bf4 Qa5 12.f3 e5 13.Be3 b5 14.a3 Be7 15.g4 Rc8 16.Kb1 Nd7
17.h4 Qc7 18.Rh2 Nc5 19.Nd5 Bxd5 20.exd5 h5 21.g5 g6 22.Bh3 Rb8 23.Qc3 a5
24.Bxc5 Qxc5 25.Qxc5 dxc5 26.d6 Bd8 27.d7+ Kf8 28.Re2 f6 29.Rd6 Kf7 30.Rc6 c4
31.gxf6 Bxf6 32.Re4 a4 33.f4 Bxh4 34.fxe5 g5 35.Bf5 g4 36.Kc1 Be7 37.Kd2 g3
38.Bh3 h4 39.Rf4+ Kg7 40.Rg4+ Kf7 41.Rcg6 Bf8 42.Rf6+ Ke7 43.Rgg6 Rd8 44.Rd6 Rh5
45.Rge6+ Kf7 46.Rf6+ Kg7 47.Rd5 Rxe5 48.Rxe5 Kxf6 49.Re4 Bh6+ 50.Ke2 Bg5  1/2-1/2